000 00632cam a2200217 4500500
005 20260405003827.0
041 _afre
042 _adc
100 1 0 _aEnjalbert, Cédric
_eauthor
245 0 0 _aMichel Foucault : passeur d’histoire(s)
260 _c2024.
500 _a38
690 _aBiopouvoir
690 _aDomination
690 _aGuerre
690 _aIndividu
690 _aMichel Foucault
690 _aPouvoir
786 0 _nPhilosophie magazine | 177 | 3 | 2024-03-01 | p. 41-41 | 1951-1787
856 4 1 _uhttps://shs.cairn.info/magazine-philosophie-magazine-2024-3-page-41?lang=fr&redirect-ssocas=7080
999 _c2071221
_d2071221